000 00698nam0a22002411 4500
001 rc\4770594
005 20250613070302.0
021 _aRU
_b[57-37531]
035 _a(NLR Aleph) 009000889
090 _a9306364
_c9306364
100 _a20130417d1957 |||y0rusy50 ca
101 0 _arus
102 _aRU
105 _aa z |||a|
200 1 _aСтихи
210 _a[Москва]
_cМол. гвардия
_d1957
215 _a79 с.
_cил.
_d15
700 1 _7ca
_8rus
_aМорозов
_bВ.Ф.
_cпоэт
_f1932-1959
_gВладимир Федорович
_9150651
_3RU\NLR\AUTH\770150688
801 0 _aRU
_bNLR
_gpsbo
801 1 _aRU
_bELAR
_2rusmarc
852 _aNLR
_j57-1/916
942 _cBOOK
980 _aNB